000 00618nam a2200229Ia 4500
003 OSt
005 20221007072445.0
006 a|||||r|||| 00| 0
007 ta
008 221006b |||||||| |||| 00| 0 eng d
024 _a24,616
037 _cTextual
040 _aFLL
_cFLL
_beng
041 _2eng
_aeng
082 _aZ3vM, D4
100 _aPollock Sir Frederick
_9501353
245 0 _aExpansion of the common law
260 _aLondon
_bStevens and Sons, Ltd. London
_c1904
300 _avii,1-164p
_ccm.
942 _hZ3vM, D4
_cTEXL
_2CC
999 _c1146127
_d1146127